| 000 | 00832cam a2200253 a 4500 | ||
|---|---|---|---|
| 001 | 14991174 | ||
| 005 | 20121126122316.0 | ||
| 008 | 070901s2008 ne a b 001 0 eng | ||
| 020 | _a0750685182 | ||
| 020 | _a9780750685184 | ||
| 082 | 0 | 0 |
_a621.38412 _222 _bBOW |
| 100 | 1 |
_aBowick, Chris. _931456 |
|
| 245 | 1 | 0 |
_aRF Circuit Design / _cChristopher Bowick ; with John Blyler and Cheryl Ajluni. |
| 250 | _a2nd ed. | ||
| 260 |
_aAmsterdam ; _aBoston : _cNewnes/Elsevier, _cc2008. |
||
| 300 |
_ax, 243 p. : _bill. ; _c28 cm. |
||
| 504 | _aIncludes bibliographical references (p. [233]-235) and index. | ||
| 650 | 0 |
_aRadio circuits _xDesign and construction. _931457 |
|
| 650 | 0 |
_aRadio frequency. _931458 |
|
| 653 |
_bEle _cNovember2012 |
||
| 700 | 1 |
_aBlyler, John. _931459 |
|
| 700 | 1 |
_aAjluni, Cheryl J. _931460 |
|
| 942 |
_2ddc _cBB |
||
| 999 |
_c17105 _d17077 |
||